The Oxford spanish dictionary : (Registro nro. 63517)
[ vista simple ]
| 000 -CABECERA | |
|---|---|
| campo de control de longitud fija | 00911nam a22003250a 4500 |
| 001 - NÚMERO DE CONTROL | |
| campo de control | UByD000871 |
| 003 - IDENTIFICADOR DEL NÚMERO DE CONTROL | |
| campo de control | AR-LpoUNG |
| 005 - FECHA Y HORA DE LA ÚLTIMA TRANSACCIÓN | |
| campo de control | 20220820120037.0 |
| 008 - DATOS DE LONGITUD FIJA--INFORMACIÓN GENERAL | |
| campo de control de longitud fija | 220820s1996||||xxu|||||||||||||||||eng d |
| 020 ## - NÚMERO INTERNACIONAL ESTÁNDAR DEL LIBRO | |
| Número Internacional Estándar del Libro | 0198645236 |
| 040 ## - FUENTE DE LA CATALOGACIÓN | |
| Centro catalogador/agencia de origen | AR-LpoUNG |
| Lengua de catalogación | spa |
| Centro/agencia transcriptor | AR-LpoUNG |
| Normas de descripción | aacr |
| 041 ## - CÓDIGO DE LENGUA | |
| Código de lengua del texto/banda sonora o título independiente | eng |
| -- | spa |
| 044 ## - CÓDIGO DEL PAÍS DE LA ENTIDAD EDITORA/PRODUCTORA | |
| Código MARC del país | xxu |
| 082 0# - NÚMERO DE LA CLASIFICACIÓN DECIMAL DEWEY | |
| Número de clasificación | R423 331oxf |
| 100 1# - ENTRADA PRINCIPAL--NOMBRE DE PERSONA | |
| Nombre de persona | Carvajal, Carol Styles |
| Término indicativo de función/relación | ed. |
| 245 14 - MENCIÓN DE TÍTULO | |
| Título | The Oxford spanish dictionary : |
| Resto del título | spanish - english : english - spanish |
| 260 ## - PUBLICACIÓN, DISTRIBUCIÓN, ETC. | |
| Lugar de publicación, distribución, etc. | New York : |
| Nombre del editor, distribuidor, etc. | Oxford University, |
| Fecha de publicación, distribución, etc. | 1996. |
| 300 ## - DESCRIPCIÓN FÍSICA | |
| Extensión | 1475 p. : |
| Otras características físicas | gráfs., tbls |
| 650 #4 - PUNTO DE ACCESO ADICIONAL DE MATERIA--TÉRMINO DE MATERIA | |
| Término de materia o nombre geográfico como elemento de entrada | DICCIONARIOS |
| 650 #4 - PUNTO DE ACCESO ADICIONAL DE MATERIA--TÉRMINO DE MATERIA | |
| Término de materia o nombre geográfico como elemento de entrada | LENGUA INGLESA |
| 650 #4 - PUNTO DE ACCESO ADICIONAL DE MATERIA--TÉRMINO DE MATERIA | |
| Término de materia o nombre geográfico como elemento de entrada | LENGUA ESPAÑOLA |
| 650 #4 - PUNTO DE ACCESO ADICIONAL DE MATERIA--TÉRMINO DE MATERIA | |
| Término de materia o nombre geográfico como elemento de entrada | LEXICOGRAFIA |
| 650 #4 - PUNTO DE ACCESO ADICIONAL DE MATERIA--TÉRMINO DE MATERIA | |
| Término de materia o nombre geográfico como elemento de entrada | MATERIAL DE REFERENCIA |
| 650 #4 - PUNTO DE ACCESO ADICIONAL DE MATERIA--TÉRMINO DE MATERIA | |
| Término de materia o nombre geográfico como elemento de entrada | TERMINOLOGIA |
| 653 ## - TÉRMINO DE INDIZACIÓN--NO CONTROLADO | |
| Término no controlado | DICCIONARIOS BILINGÜES |
| 653 ## - TÉRMINO DE INDIZACIÓN--NO CONTROLADO | |
| Término no controlado | DICCIONARIOS DE INGLES |
| 700 1# - PUNTO DE ACCESO ADICIONAL--NOMBRE DE PERSONA | |
| Nombre de persona | Horwood, Jane |
| Término indicativo de función/relación | ed. |
| 905 ## - ELEMENTOS DE DATOS E LOCAL, LDE (RLIN) | |
| a | 17391 |
| 942 ## - ELEMENTOS DE PUNTO DE ACCESO ADICIONAL (KOHA) | |
| Tipo de ítem Koha | Lectura en Sala |
| Fuente del sistema de clasificación o colocación | Dewey Decimal Classification |
| Estado de retiro | Estado de pérdida | Fuente del sistema de clasificación o colocación | Estado dañado | No para préstamo | Código de colección | Localización permanente | Ubicación/localización actual | Fecha de adquisición | Total de préstamos | Signatura topográfica completa | Código de barras | Fecha visto por última vez | Fecha del último préstamo | Precio válido a partir de | Tipo de ítem Koha |
|---|---|---|---|---|---|---|---|---|---|---|---|---|---|---|---|
| Dewey Decimal Classification | Colección Referencia | Biblioteca Universidad Nacional de General Sarmiento | Biblioteca Universidad Nacional de General Sarmiento | 20/08/2022 | 23 | R423 331oxf | S00064682 | 02/12/2025 | 01/12/2025 | 20/08/2022 | Lectura en Sala | ||||
| Dewey Decimal Classification | Colección Referencia | Biblioteca Universidad Nacional de General Sarmiento | Biblioteca Universidad Nacional de General Sarmiento | 20/08/2022 | 33 | R423 331oxf | S00064683 | 15/12/2025 | 15/12/2025 | 20/08/2022 | Lectura en Sala | ||||
| Dewey Decimal Classification | Colección Referencia | Biblioteca Universidad Nacional de General Sarmiento | Biblioteca Universidad Nacional de General Sarmiento | 20/08/2022 | 26 | R423 331oxf | S00064684 | 15/05/2026 | 08/05/2026 | 20/08/2022 | Lectura en Sala | ||||
| Dewey Decimal Classification | Colección Referencia | Biblioteca Universidad Nacional de General Sarmiento | Biblioteca Universidad Nacional de General Sarmiento | 20/08/2022 | 17 | R423 331oxf | S00064681 | 02/12/2025 | 01/12/2025 | 20/08/2022 | Lectura en Sala | ||||
| Dewey Decimal Classification | Colección Referencia | Biblioteca Universidad Nacional de General Sarmiento | Biblioteca Universidad Nacional de General Sarmiento | 20/08/2022 | 13 | R423 331oxf | S00064690 | 13/05/2026 | 13/05/2026 | 20/08/2022 | Lectura en Sala | ||||
| Dewey Decimal Classification | Colección Referencia | Biblioteca Universidad Nacional de General Sarmiento | Biblioteca Universidad Nacional de General Sarmiento | 20/08/2022 | 11 | R423 331oxf | S00064686 | 09/10/2025 | 02/10/2025 | 20/08/2022 | Lectura en Sala | ||||
| Dewey Decimal Classification | Colección Referencia | Biblioteca Universidad Nacional de General Sarmiento | Biblioteca Universidad Nacional de General Sarmiento | 20/08/2022 | 37 | R423 331oxf | S00064685 | 22/12/2025 | 22/12/2025 | 20/08/2022 | Lectura en Sala | ||||
| Dewey Decimal Classification | Colección Referencia | Biblioteca Universidad Nacional de General Sarmiento | Biblioteca Universidad Nacional de General Sarmiento | 20/08/2022 | 18 | R423 331oxf | S00064688 | 03/10/2025 | 03/10/2025 | 20/08/2022 | Lectura en Sala | ||||
| Dewey Decimal Classification | Colección Referencia | Biblioteca Universidad Nacional de General Sarmiento | Biblioteca Universidad Nacional de General Sarmiento | 20/08/2022 | 27 | R423 331oxf | S00064687 | 06/10/2025 | 03/10/2025 | 20/08/2022 | Lectura en Sala | ||||
| Dewey Decimal Classification | Colección Referencia | Biblioteca Universidad Nacional de General Sarmiento | Biblioteca Universidad Nacional de General Sarmiento | 20/08/2022 | 26 | R423 331oxf | S00064689 | 22/12/2025 | 22/12/2025 | 20/08/2022 | Lectura en Sala |